LIBRARY & INFORMATION CENTRE, KCAET, TAVANUR

ONLINE PUBLIC ACCESS CATALOGUE (OPAC)

Muncipal Water and Wastewater Treatment (Record no. 14321)

MARC details
000 -LEADER
fixed length control field 00408nam a22001577a 4500
020 ## - INTERNATIONAL STANDARD BOOK NUMBER
ISBN 9788179931882
082 ## - DEWEY DECIMAL CLASSIFICATION NUMBER
Classification number 628.168
Item number RAK//MU
100 ## - MAIN ENTRY--AUTHOR NAME
Personal name Rakesh Kumar
100 ## - MAIN ENTRY--AUTHOR NAME
Personal name Singh,R.N
245 ## - TITLE STATEMENT
Title Muncipal Water and Wastewater Treatment
260 ## - PUBLICATION, DISTRIBUTION, ETC. (IMPRINT)
Place of publication New Delhi
Name of publisher TERI Press
Year of publication 2013
300 ## - PHYSICAL DESCRIPTION
Number of Pages 266
490 ## - SERIES STATEMENT
Series statement Environmental Engineering series
700 ## - ADDED ENTRY--PERSONAL NAME
Personal name Ramachandra,T.V
942 ## - ADDED ENTRY ELEMENTS (KOHA)
Koha item type Books
Holdings
Withdrawn status Lost status Damaged status Collection code Home library Current library Shelving location Date acquired Source of acquisition Cost, normal purchase price Full call number Accession Number Koha item type
        KAUAET KAUAET General Stacks 16/06/2016 Dream Tech, Trivandrum 425.00 628.168 RAK//MU 24795 Books
free website counter